Markus Söders Faschingskostüme - Statistiken

Allgemein
  • Dieses Quiz wurde 44 mal gespielt
    26 seit der letzten Aktualisierung
  • Das Durchschnittsergebnis liegt bei 9 aus 17
Antwortstatistiken
Bildquiz Hint Antwort % Korrekt
2017 Homer Simpson
96%
2014 Shrek
96%
2025 Elvis Presley
92%
2010 Gandalf
84%
2009 Eisbär
72%
2024 Otto von Bismarck
72%
2023 Stammesältester der Bayern
68%
2005 Zenturio
60%
2015 Mahatma Gandhi
56%
2013 Marilyn Monroe
52%
2006 American Football-Spieler
44%
2016 Edmund Stoiber
44%
2011 Paul Stanley
32%
2016 Ludwig II. von Bayern
28%
2012 Punker
24%
2026 William Wallace
20%
2018 Luitpold von Bayern
8%
Keine übereinstimmenden Quizze gefunden
Verteilung der Resultate
Anzahl Personen mit jedem Resultat
Perzentil nach korrekt beantworteten Fragen
Ihre Resultats-Entwicklung
Sie haben dieses Quiz seit der letzten Aktualisierung nicht gespielt